header

Advocacy skills for health and social care professionals (Record no. 5182)

MARC details
000 -LEADER
fixed length control field 01307pam a2200325 a 4500
001 - CONTROL NUMBER
control field ebr5007493
003 - CONTROL NUMBER IDENTIFIER
control field CaPaEBR
006 - FIXED-LENGTH DATA ELEMENTS--ADDITIONAL MATERIAL CHARACTERISTICS--GENERAL INFORMATION
fixed length control field m u
007 - PHYSICAL DESCRIPTION FIXED FIELD--GENERAL INFORMATION
fixed length control field cr cn|||||||||
008 - FIXED-LENGTH DATA ELEMENTS--GENERAL INFORMATION
fixed length control field 010226s2000 enk sb 001 0 eng d
020 ## - INTERNATIONAL STANDARD BOOK NUMBER
Cancelled/invalid ISBN 1853028657
Cancelled/invalid ISBN 1853028675
040 ## - CATALOGING SOURCE
Original cataloging agency CaPaEBR
Transcribing agency CaPaEBR
035 ## - SYSTEM CONTROL NUMBER
System control number (OCoLC)70750187
050 14 - LIBRARY OF CONGRESS CALL NUMBER
Classification number HV40
Item number .B329 2000eb
082 04 - DEWEY DECIMAL CLASSIFICATION NUMBER
Classification number 361.3
Edition number 21
100 1# - MAIN ENTRY--PERSONAL NAME
Personal name Bateman, Neil,
Dates associated with a name 1955-
245 10 - TITLE STATEMENT
Title Advocacy skills for health and social care professionals
Medium [electronic resource] /
Statement of responsibility, etc Neil Bateman.
260 ## - PUBLICATION, DISTRIBUTION, ETC. (IMPRINT)
Place of publication, distribution, etc London :
Name of publisher, distributor, etc J. Kingsley,
Date of publication, distribution, etc 2000.
300 ## - PHYSICAL DESCRIPTION
Extent 185 p.
500 ## - GENERAL NOTE
General note Previous ed.: Advocacy Skills: A handbook for human service professionals, 1995.
504 ## - BIBLIOGRAPHY, ETC. NOTE
Bibliography, etc Includes bibliographical references and indexes.
533 ## - REPRODUCTION NOTE
Type of reproduction Electronic reproduction.
Place of reproduction Palo Alto, Calif. :
Agency responsible for reproduction ebrary,
Date of reproduction 2013.
Note about reproduction Available via World Wide Web.
-- Access may be limited to ebrary affiliated libraries.
650 #0 - SUBJECT ADDED ENTRY--TOPICAL TERM
Topical term or geographic name as entry element Social advocacy.
Topical term or geographic name as entry element Patient advocacy.
655 #7 - INDEX TERM--GENRE/FORM
Genre/form data or focus term Electronic books.
Source of term local
700 1# - ADDED ENTRY--PERSONAL NAME
Personal name Bateman, Neil,
Dates associated with a name 1955-
Title of a work Advocacy Skills: A handbook for human service professionals.
710 2# - ADDED ENTRY--CORPORATE NAME
Corporate name or jurisdiction name as entry element ebrary, Inc.
856 40 - ELECTRONIC LOCATION AND ACCESS
Uniform Resource Identifier <a href="http://site.ebrary.com/lib/rucke/Doc?id=5007493">http://site.ebrary.com/lib/rucke/Doc?id=5007493</a>
Public note An electronic book accessible through the World Wide Web; click to view

No items available.

© 2026 Rongo University
Contact us: librarian | system librarian | Rongo university